شيفرة دافنشي / (Record no. 1634)

MARC details
000 -LEADER
fixed length control field 00857nam a2200229 ar4500
001 - CONTROL NUMBER
control field 1636
005 - DATE AND TIME OF LATEST TRANSACTION
control field 20221127090246.0
008 - FIXED-LENGTH DATA ELEMENTS--GENERAL INFORMATION
fixed length control field 100110s le 0001f|ara d
020 ## - INTERNATIONAL STANDARD BOOK NUMBER
International Standard Book Number 9953297878
082 04 - DEWEY DECIMAL CLASSIFICATION NUMBER
Classification number 823.54
Item number ب279
100 1# - MAIN ENTRY--PERSONAL NAME
Personal name براون، دان،
Dates associated with a name 1964-.
245 10 - TITLE STATEMENT
Title شيفرة دافنشي /
Statement of responsibility, etc. تاليف دان براون ؛ ترجمة سمة محمد عبد ربه.
250 ## - EDITION STATEMENT
Edition statement ط. 1.
260 ## - PUBLICATION, DISTRIBUTION, ETC.
Place of publication, distribution, etc. بيروت :
Name of publisher, distributor, etc. الدار العربية للعلوم،
Date of publication, distribution, etc. 2004.
300 ## - PHYSICAL DESCRIPTION
Extent 494 ص. ؛
Dimensions 24 سم.
500 ## - GENERAL NOTE
General note ترجمة لكتاب : The Da Vinci Code / Dan Brown.
650 #4 - SUBJECT ADDED ENTRY--TOPICAL TERM
Topical term or geographic name entry element القصص الامريكية
Chronological subdivision العصر الحديث.
650 #4 - SUBJECT ADDED ENTRY--TOPICAL TERM
Topical term or geographic name entry element القصص الامريكية
Chronological subdivision القرن 20.
650 #4 - SUBJECT ADDED ENTRY--TOPICAL TERM
Topical term or geographic name entry element القصص الخرافية.
650 #4 - SUBJECT ADDED ENTRY--TOPICAL TERM
Topical term or geographic name entry element الاساطير.
700 0# - ADDED ENTRY--PERSONAL NAME
Personal name عبد ربه، سمة محمد،
Relator term مترجم.
Holdings
Withdrawn status Lost status Source of classification or shelving scheme Damaged status Not for loan Home library Current library Date acquired Total Checkouts Full call number Barcode Date last seen Copy number Price effective from Koha item type
          CENTRAL CENTRAL 11/27/2022   823.54 ب279 1000000004013 11/27/2022 C1 11/27/2022 Book